000
00336nam a2200145Ia 4500
003
OSt
005
20231204093425.0
008
170524s9999 xx 000 0 und d
020
_a
9788120319325
040
_c
IIMT UNIVERSITY
100
_a
FADEMNOA
245
0
_a
MS ACCESS VERSION 2002
260
_b
HIMALYA PUB. HOUSE
942
_2
ddc
_c
02
999
_c
7963
_d
7963